000 00865nam0a22002531 4500
001 rc\660709
005 20250621202343.0
035 _a(NLR Aleph) 005899851
090 _a6265290
_c6265290
100 _a20031121d1986 |||y0rusy50 ca
101 0 _arus
102 _aRU
105 _aa |||||||||
200 1 _aРеализация системы ввода-вывода для транслятора Форекс на ЭВМ БЭСМ-6
210 _aМ.
_cИПМ
_d1986
215 _a25 с.
_cсхем.
_d21
225 1 _aПрепринт
_fИн-т прикл. математики им. М.В. Келлдыша АН СССР
_v№ 138
320 _aБиблиогр.: с. 19
700 1 _aВьюкова
_bН.И.
_gНадежда Ивановна
801 0 _aRU
_bNLR
_gpsbo
801 1 _aRU
_bELAR
_2rusmarc
852 _aNLR
_j87-4/21341
942 _cBOOK
980 _aNB